Das Lob der Schopfung : die Entwicklung agyptischer Sonnen und Schopfungshymnen nach dem Neuen Reich /

محفوظ في:

المؤلف الرئيسي: Knigge, Carsten (مؤلف)

التنسيق: كتاب

اللغة: German

منشور في: Fribourg, Switzerland : Gottingen : Academic Press ; Vandenhoeck and Ruprecht, 2006.

سلاسل: Orbis biblicus et orientalis, 219.
OBO ; 219.

الموضوعات:

الوسوم: إضافة وسم

لا توجد وسوم, كن أول من يضع وسما على هذه التسجيلة!

رقم الطلب: DS41 .O5 v.219

LEADER 01029namaa2200301 4500
001 12484
003 OSt
005 20250327113910.0
008 130303s2006 sz 000 0 ger d
020 |a 9783525530191 
020 |a 9783727815577 
040 |c ARCE Library 
043 |a f-ua--- 
050 4 |a DS41 .O5 v.219 
100 1 |a Knigge, Carsten,  |e author  |9 34051 
245 1 4 |a Das Lob der Schopfung :  |b die Entwicklung agyptischer Sonnen und Schopfungshymnen nach dem Neuen Reich /  |c Carsten Knigge. 
264 1 |a Fribourg, Switzerland :  |b Academic Press ;  |a Gottingen :  |b Vandenhoeck and Ruprecht,  |c 2006. 
300 |a xii, 365 pages ;  |c 24 cm. 
490 1 |a Orbis biblicus et orientalis,   |x 1015-1850 ;   |v 219. 
490 1 |a OBO ;   |v 219. 
650 0 |a Creation  |x Mythology  |z Egypt. 
650 0 |a Egyptian language  |v Texts. 
650 0 |a Hymns, Egyptian  |x History and criticism. 
830 0 |a Orbis biblicus et orientalis,   |x 1015-1850 ;   |v 219. 
830 0 |a OBO ;   |v 219. 
901 |a reviewed 
942 |c BK  |2 lcc 
999 |c 10791  |d 10791